| 000 | 00709nam a22002537a 4500 | ||
|---|---|---|---|
| 003 | OSt | ||
| 005 | 20140310182017.0 | ||
| 008 | 121121t xxu||||| |||| 00| 0 eng d | ||
| 020 | _a1869434722 | ||
| 050 |
_aPZ 7 _b.M467 2000 |
||
| 082 |
_aKF _bM44c 2000 |
||
| 100 |
_aMaybury, Ged _96670 |
||
| 245 |
_aCrab apples / _cGed Maybury. |
||
| 260 |
_aAuckland : _bScholastic, _cc2000. |
||
| 300 |
_a170 p. : _c19 cm |
||
| 541 | _j1 | ||
| 562 | _e1 | ||
| 650 |
_a Moneymaking projects _xFiction. _96671 |
||
| 650 |
_aSeaweed _xFiction. _96672 |
||
| 650 |
_aHazardous wastes _xFiction. _96673 |
||
| 650 |
_aTeenage boys _xFiction. _96674 |
||
| 650 |
_aHumorous stories. _93831 |
||
| 942 |
_2lcc _cBK-KF _kKF |
||
| 999 |
_c8265 _d8265 |
||